000 00598nam a2200181Ia 4500
008 090123s9999 xx 000 0 und d
082 _b18388
_a923.254/वझे
100 _aवझे संगीता
245 _aमाझी कॅन्सरयात्रा
250 _a1
260 _bआरती प्रकाशन
_c1990
300 _a136
600 _aवझे संगीता
630 _aमाझी कॅन्सरयात्रा
700 _aवझे संगीता
730 _aमाझी कॅन्सरयात्रा
942 _cBOOK
999 _c56451
_d56451